000 00524nam a2200169 i 4500
001 71094
003 ES-MaACL
007 t|
008 040805s1954 sp ||||1| spa d
100 1 _aGatti, Ellen.
_955972
245 1 0 _aY a explorar fuimos /
_cEllen Gatti ; [traducción del inglés por Amando Lázaro Ros].
250 _a[1ª ed.].
260 _aMadrid :
_bAlhambra,
_c[1954] (
_fJusto López)
300 _a297 p., 12 lám. ;
_c22 cm.
700 1 _aLázaro Ros, Amando.
_970807
852 _aES-MaACL
_jC-8020
_bR.36062
999 _c71094
_d71094